000 00307nam a22001337a 4500
008 170905b xxu||||| |||| 00| 0 eng d
020 _a9781557984555
041 _aeng
080 _a070
100 _a40
101 _aMED
245 _aCRITICAL THINKING ABOUT RESEARCH
_cMELZOFF.J
942 _2udc
_cBK
999 _c26165
_d26165